Name all city districts of Turkey - Statistics

General Stats
  • This quiz has been taken 218 times
  • The average score is 69 of 81
Answer Stats
District No. District Name % Correct
06 Ankara
98%
01 Adana
97%
07 Antalya
97%
34 Istanbul
96%
35 Izmir
94%
22 Edirne
93%
61 Trabzon
93%
17 Canakkale
92%
27 Gaziantep
92%
31 Hatay
92%
16 Bursa
91%
42 Konya
91%
02 Adiyaman
90%
33 Icel
90%
53 Rize
90%
55 Samsun
90%
14 Bolu
89%
20 Denizli
89%
26 Eskisehir
89%
39 Kirklareli
89%
52 Ordu
89%
58 Sivas
89%
08 Artvin
88%
09 Aydin
88%
10 Balikesir
88%
19 Corum
88%
21 Diyarbakir
88%
81 Düzce
88%
30 Hakkari
88%
46 Kahramanmaras
88%
44 Malatya
88%
65 Van
88%
04 Agri
87%
05 Amasya
87%
24 Erzincan
87%
25 Erzurum
87%
18 Cankiri
86%
48 Mugla
86%
67 Zonguldak
86%
03 Afyon
85%
68 Aksaray
85%
28 Giresun
85%
71 Kirikkale
85%
57 Sinop
85%
11 Bilecik
84%
23 Elazig
84%
29 Gümüshane
84%
36 Kars
84%
45 Manisa
84%
80 Osmaniye
84%
59 Tekirdag
84%
72 Batman
83%
32 Isparta
83%
37 Kastamonu
83%
40 Kirsehir
83%
47 Mardin
83%
50 Nevsehir
83%
54 Sakarya
83%
38 Kayseri
82%
43 Kütahya
82%
51 Nigde
82%
60 Tokat
82%
62 Tunceli
82%
75 Ardahan
81%
15 Burdur
81%
49 Mus
81%
12 Bingöl
80%
76 Igdir
80%
79 Kilis
80%
56 Siirt
80%
13 Bitlis
79%
41 Kocaeli
79%
77 Yalova
79%
66 Yozgat
79%
74 Bartin
78%
73 Sirnak
78%
64 Usak
78%
69 Bayburt
77%
78 Karabük
77%
63 Sanliurfa
77%
70 Karaman
76%
No matching quizzes found
Score Distribution
Percent of People with Each Score
Percentile by Number Answered
Your Score History
You have not taken this quiz